000 00899nam a2200229Ia 4500
001 L235-9976
003 IT-CnALBA
008 170116s9999||||xx |||||||||||||| ||und||
040 _aIT-CnALBA
_cIT-CnALBA
041 _aITALIANO
100 _aSENZA AUTORE
245 0 _aPREGHIAMO IL ROSARIO CON TECLA.
250 _a1a ed.
260 _aCINISELLO BALSAMO (MI)
_bEDIZIONI PAOLINE
_c1994 [1° Ed.:1994 - Ed.Ling.Originale: 1994]
300 _a45 p. (prefazione: 3)
500 _aPENSIERI DI TECLA MERLO. BREVI MEDITAZIONI SUI MISTERI DEL ROSARIO GAUDIOSI DOLOROSI GLORIOSI.
501 _aSocietà San Paolo EM - Piazza San Paolo, 14 - 12051 ALBA (CN) (non commercial uses only) ® Copyright 2017
520 _aPENSIERI DI TECLA MERLO. BREVI MEDITAZIONI SUI MISTERI DEL ROSARIO GAUDIOSI DOLOROSI GLORIOSI.
650 _aMARIA SS. ANGELI SANTI DEMONI
942 _cBK
957 _71
999 _a10951
_bNO
_g Copie: 1
_c269151
_d269151